Britain's secret war against Japan, 1937-1945 / (Record no. 14102)

000 -LEADER
fixed length control field 02289cam a22003858a 4500
001 - CONTROL NUMBER
control field 14204199
005 - DATE AND TIME OF LATEST TRANSACTION
control field 20170105102847.0
008 - FIXED-LENGTH DATA ELEMENTS--GENERAL INFORMATION
fixed length control field 051219s2006 enk b 001 0 eng
010 ## - LIBRARY OF CONGRESS CONTROL NUMBER
LC control number 2005036630
020 ## - INTERNATIONAL STANDARD BOOK NUMBER
International Standard Book Number 0415358469 (hbk.)
040 ## - CATALOGING SOURCE
Original cataloging agency DLC
Transcribing agency DLC
Modifying agency DLC
042 ## - AUTHENTICATION CODE
Authentication code pcc
043 ## - GEOGRAPHIC AREA CODE
Geographic area code e-uk---
-- p------
-- a-ja---
050 00 - LIBRARY OF CONGRESS CALL NUMBER
Classification number D810.S7
Item number F63 2006
082 00 - DEWEY DECIMAL CLASSIFICATION NUMBER
Classification number 940.5486 FOR 2006
Edition number 22
100 1# - MAIN ENTRY--PERSONAL NAME
Personal name Ford, Douglas,
Dates associated with a name 1972-
245 10 - TITLE STATEMENT
Title Britain's secret war against Japan, 1937-1945 /
Statement of responsibility, etc. Douglas Ford.
260 ## - PUBLICATION, DISTRIBUTION, ETC.
Place of publication, distribution, etc. London ;
-- New York :
Name of publisher, distributor, etc. Routledge,
Date of publication, distribution, etc. 2006.
263 ## - PROJECTED PUBLICATION DATE
Projected publication date 0608
300 ## - PHYSICAL DESCRIPTION
Extent p. cm.
490 1# - SERIES STATEMENT
Series statement Studies in intelligence series,
International Standard Serial Number 1368-9916
504 ## - BIBLIOGRAPHY, ETC. NOTE
Bibliography, etc. note Includes bibliographical references and index.
505 0# - FORMATTED CONTENTS NOTE
Formatted contents note Introduction ambiguity and complacency : Britain's assessment of Japan prior to the outbreak of war -- The lessons of defeat and limited victories, December 1941 to January 1943 -- Gauging the balance of an unpredictable war : the evolution of British intelligence on Japanese strategy, January 1943 to August 1945 -- Material and technology vs. methods of use : intelligence on the tactical and technical capabilities of Japan's armed forces -- Racial contempt or logical analysis? : British intelligence on Japanese military morale -- The intelligence war in Asia and the Pacific, 1937-1945-- the British and Japanese experiences in comparison.
650 #0 - SUBJECT ADDED ENTRY--TOPICAL TERM
Topical term or geographic name entry element World War, 1939-1945
General subdivision Military intelligence
Geographic subdivision Great Britain.
650 #0 - SUBJECT ADDED ENTRY--TOPICAL TERM
Topical term or geographic name entry element World War, 1939-1945
General subdivision Campaigns
Geographic subdivision Pacific Area.
650 #0 - SUBJECT ADDED ENTRY--TOPICAL TERM
Topical term or geographic name entry element World War, 1939-1945
Geographic subdivision Japan.
650 #0 - SUBJECT ADDED ENTRY--TOPICAL TERM
Topical term or geographic name entry element Strategy.
830 #0 - SERIES ADDED ENTRY--UNIFORM TITLE
Uniform title Cass series on intelligence and military affairs.
Name of part/section of a work CIPSStudies in intelligence series.
856 41 - ELECTRONIC LOCATION AND ACCESS
Materials specified Table of contents only
Uniform Resource Identifier <a href="http://www.loc.gov/catdir/toc/ecip066/2005036630.html">http://www.loc.gov/catdir/toc/ecip066/2005036630.html</a>
856 42 - ELECTRONIC LOCATION AND ACCESS
Materials specified Publisher description
Uniform Resource Identifier <a href="http://www.loc.gov/catdir/enhancements/fy0654/2005036630-d.html">http://www.loc.gov/catdir/enhancements/fy0654/2005036630-d.html</a>
906 ## - LOCAL DATA ELEMENT F, LDF (RLIN)
a 7
b rix
c orignew
d 1
e ecip
f 20
g y-gencatlg
942 ## - ADDED ENTRY ELEMENTS (KOHA)
Source of classification or shelving scheme
Koha item type Book
Holdings
Withdrawn status Lost status Damaged status Not for loan Collection code Permanent Location Current Location Shelving location Date acquired Total Checkouts Full call number Barcode Date last seen Price effective from Koha item type
          Centre for International Peace & Stability (CIPS) Centre for International Peace & Stability (CIPS) General Stacks 08/16/2013   940.5486 FOR 2006 CIPS0000286 08/16/2013 08/16/2013 Book
© 2023 Central Library, National University of Sciences and Technology. All Rights Reserved.